000 00287nam a22001337a 4500
008 170719b xxu||||| |||| 00| 0 eng d
020 _a9780446579803
041 _aeng
080 _a2
100 _a24
101 _aTEO
245 _a GOD IS NOT GREAT
_cHITCHENS, CH
942 _2udc
_cBK
999 _c21578
_d21578